| 000 | 00361 a2200157 4500 | ||
|---|---|---|---|
| 001 | 190482 | ||
| 020 | _a978-85-10-04829-3 | ||
| 040 | _cMagnum | ||
| 100 | _aBarbosa, Rogerio Andrade | ||
| 240 | 1 | 0 |
_aContos da terra do gelo _lpor |
| 245 | 1 | 0 | _aContos da terra do gelo |
| 300 | _a31 | ||
| 362 | 0 | _a2013 | |
| 697 | _aLITERATURA INFANTO-JUVENIL | ||
| 942 | _cBK | ||
| 999 |
_c190482 _d190482 |
||